000 00140 a2200073 4500
020 _a6848614x
082 _a09400413585
245 _aSaving Faith
999 _c787254
_d787253
942 _w13411
_xBongani Makatu
_y13411
_zBongani Makatu